Bayern München Kader 2025/26 - Statistiken

Allgemein
  • Dieses Quiz wurde 688 mal gespielt
    29 seit der letzten Aktualisierung
  • Das Durchschnittsergebnis liegt bei 21 aus 29
Antwortstatistiken
Nationalität Spieler % Korrekt
England Harry Kane
100%
Österreich Konrad Laimer
100%
Frankreich Michael Olise
100%
Südkorea Min-Jae Kim
100%
Deutschland Joshua Kimmich
96%
Kolumbien Luis Diaz
96%
Kanada Alphonso Davies
93%
Frankreich Dayot Upamecano
93%
Deutschland Jonas Urbig
93%
Deutschland Leon Goretzka
93%
Deutschland Manuel Neuer
93%
Kroatien Josip Stanisic
89%
Deutschland Lennart Karl
89%
Japan Hiroki Ito
86%
Deutschland Jamal Musiala
86%
Deutschland Jonathan Tah
86%
Deutschland Serge Gnabry
86%
Deutschland Sven Ulreich ohne Einsatz
82%
Deutschland Aleksandar Pavlovic
75%
Senegal Nicolas Jackson
75%
Portugal Raphael Guerreiro
68%
Deutschland Tom Bischof
61%
Deutschland/Nigeria Wisdom Mike
54%
Frankreich Sacha Boey
50%
Schweden Jonah Kusi-Asare
36%
Deutschland/Kroatien Leon Klanac ohne Einsatz
21%
Deutschland/Portugal David Santos Daiber
18%
Peru/Deutschland Felipe Chavez
18%
Deutschland/Angola Cassiano Kiala
4%
Keine übereinstimmenden Quizze gefunden
Verteilung der Resultate
Anzahl Personen mit jedem Resultat
Perzentil nach korrekt beantworteten Fragen
Ihre Resultats-Entwicklung
Sie haben dieses Quiz seit der letzten Aktualisierung nicht gespielt